00452nam a2200181 a 4500001001300000003000900013005001700022008004100039020001000080082001500090100001800105245003300123260003700156300000800193500003500201650001600236700001800252nice12345678IN_TiNIC20260116014319.0070626s0000 bana grd 000 0 eng  ac25000a332.2bMAT aMathur, Ratna aA Valley Refuses to Die (CD) aBangalore bVisual Search c0000 a00p aincludes index and biblioraphy aEnvironment1 aMathur, Ratna